Normal view
MARC view
Entry Nombre personal
001 - NÚMERO DE CONTROL
- campo de control: 1144
003 - IDENTIFICADOR DE NÚMERO DE CONTROL
- campo de control: DLC
005 - FECHA Y HORA DE LA ÚLTIMA TRANSACCIÓN
- campo de control: 20260428192218.0
008 - ELEMENTOS DE DATO DE LONGITUD-FIJA
- campo de control de longitud fija: 801204n| acannaab| |n aaa |||
010 ## - NÚMERO DE CONTROL DE LA BIBLIOTECA DEL CONGRESO
- Número de control de LC: n 80156574
- Número de control de LC cancelado o no válido: n 85228261
040 ## - FUENTE DE CATALOGACIÓN
- Centro catalogador/agencia de origen: DLC
- Centro/agencia transcriptor: DLC
- Centro/agencia modificador: DLC
100 10 - ENCABEZAMIENTO-NOMBRE DE PERSONA
- Nombre de persona: Murray, Jocelyn,
- Fechas asociadas al nombre: 1929-
670 ## - FUENTE DE DATOS ENCONTRADOS
- Cita de la fuente: Her Mwandĩkĩre wa marũa mega, 1963.
670 ## - FUENTE DE DATOS ENCONTRADOS
- Cita de la fuente: Info. from CLU
- Información encontrada: (Murray, Jocelyn Margaret, 1929- )
670 ## - FUENTE DE DATOS ENCONTRADOS
- Cita de la fuente: Her Proclaim the good news, c1985:
- Información encontrada: t.p. (Jocelyn Murray) p. ix (member of the Church Missionary Society)
670 ## - FUENTE DE DATOS ENCONTRADOS
- Cita de la fuente: Contemp authors, v. 113
- Información encontrada: (Murray, Jocelyn (Margaret); b. 8/12/29, Auckland, N.Z.; missionary teacher with Church Missionary Society, Kenya, 1954-67; free-lance writer and editor)